| 000 | 00697nam a2200217 a 4500 | ||
|---|---|---|---|
| 005 | 20210223130313.0 | ||
| 008 | 071003s1998 mx r 000 0 spa d | ||
| 020 | _a9686849254 (ADN) | ||
| 020 | _a9701814622 (CONACULTA) | ||
| 035 | _aUPN01000152557 | ||
| 049 | _aCG | ||
| 050 | 4 |
_aQD37 _bCH3.2 |
|
| 100 | 1 |
_aChamizo Guerrero, José Antonio _931323 |
|
| 245 | 1 | 3 |
_aLa casa química / _cJosé Antonio Chamizo Guerrero, Rodrigo Chamizo Alberro. |
| 260 |
_aMéxico : _bADN ; _bCONACULTA, _c1998. |
||
| 300 |
_a143 p. : _bil. |
||
| 440 | 0 |
_aViaje al centro de la ciencia ; _v12 |
|
| 650 | 4 |
_aQUIMICA - _vOBRAS DE DIVULGACION _98056 |
|
| 700 | 1 |
_aChamizo Alberro, Rodrigo, _ecoaut. |
|
| 905 | _aLibro | ||
| 999 |
_c124680 _d124680 |
||